000
00332 a2200157 4500
001
185930
020
_a
85-7217-098-7
040
_c
Magnum
100
_a
Von, Cristina
240
1
0
_a
Tenho duas casas
_l
por
245
1
0
_a
Tenho duas casas
300
_a
29
362
0
_a
2006
697
_a
LITERATURA INFANTO-JUVENIL
942
_c
BK
999
_c
185930
_d
185930